Fundamentals of ceramics

Αποθηκεύτηκε σε:
Λεπτομέρειες βιβλιογραφικής εγγραφής
Κύριος συγγραφέας: Barsoum, M. W.
Μορφή: Βιβλίο
Γλώσσα:English
Δημοσίευση: New York : McGraw-Hill, c1997
Σειρά:McGraw-Hill series in materials science and engineering
Θέματα:
Ετικέτες: Προσθήκη ετικέτας
Δεν υπάρχουν, Καταχωρήστε ετικέτα πρώτοι!

MARC

LEADER 00000nam a2200000 i 4500
001 1/17257
008 980828s1997 eng d
020 |a 0-07-114184-7 
035 |l 10020488 
040 |a GR-MY-UA  |b gre  |e aacr 
041 0 |a eng 
082 0 |a 666 
100 1 |a Barsoum, M. W. 
245 1 0 |a Fundamentals of ceramics /  |c Michael Barsoum 
260 |a New York :   |b McGraw-Hill,   |c c1997 
300 |a 669 p.  |b fig.; tabl. 
490 1 |a McGraw-Hill series in materials science and engineering 
504 |a Includes bibliographical references and index 
650 0 0 |a Ceramic engineering. 
830 0 |a McGraw-Hill series in materials science and engineering 
852 |a INST  |b LESVOS  |e 19980828  |h 666 BAR  |p 005100013104  |q 005100013104  |t BK  |y 0 
901 |a BIBL-1998-3 
909 |a Λ  |b 058961 
922 |a 1ΕΛΗ  |b 199808  |c ΚΠΣ/ΤΠ  |d ΠΑΠΑΣΩΤΗΡΙΟΥ 
950 |a 107-1998-07-17